[Event "I Festival Capo d'Orso"]
[Site "Portomannu - Palau ITA"]
[Date "2007.05.19"]
[Round "1"]
[White "Ori, Marco"]
[Black "Carola, Paolo"]
[Result "1-0"]
[WhiteElo "2129"]
[BlackElo "1960"]
[PlyCount "63"]
[EventDate "2007.05.19"]

1. e4 e5 2. Nc3 Nf6 3. f4 d5 4. fxe5 Nxe4 5. d3 Qh4+ 6. g3 Nxg3 7. Nf3 Qh5 8.
Nxd5 Nxh1 9. Nxc7+ Kd8 10. Nxa8 Bh3 11. Bxh3 Qxh3 12. Bg5+ Kc8 13. Qe2 h6 14.
Be3 Nc6 15. O-O-O Kb8 16. Nb6 axb6 17. Bxb6 Qe6 18. c4 Nb4 19. Ba5 Nxa2+ 20.
Kb1 Bb4 21. Kxa2 Bxa5 22. Rxh1 f6 23. d4 Rc8 24. Rc1 Qa6 25. Kb1 Ka7 26. e6 Bb4
27. d5 Bd6 28. Nd4 Be5 29. Nb5+ Kb8 30. Qg4 Qa4 31. e7 Re8 32. Qd7 1-0

[Event "I Festival Capo d'Orso"]
[Site "Portomannu - Palau ITA"]
[Date "2007.05.19"]
[Round "1"]
[White "Ortega, Lexy"]
[Black "Valenti, Giuseppe"]
[Result "1-0"]
[WhiteElo "2425"]
[BlackElo "2228"]
[PlyCount "85"]
[EventDate "2007.05.19"]

1. d4 Nf6 2. Nf3 e6 3. Bf4 b6 4. e3 Bb7 5. Nbd2 Be7 6. c3 d6 7. Bd3 Nbd7 8. Qe2
Nh5 9. Bg3 Nxg3 10. hxg3 Nf6 11. e4 h6 12. O-O-O Qd7 13. e5 Nh7 14. Be4 d5 15.
Bd3 O-O-O 16. Kb1 Kb8 17. g4 Ng5 18. Nh4 c5 19. f4 Nh7 20. Nhf3 c4 21. Bc2 Nf8
22. g3 b5 23. Qe3 b4 24. f5 bxc3 25. bxc3 Qb5+ 26. Ka1 Nd7 27. Rb1 Qa5 28. f6
gxf6 29. exf6 Bxf6 30. Rb2 Ka8 31. Rhb1 Bc6 32. Ne5 Nxe5 33. dxe5 Bg5 34. Qd4
Bxd2 35. Qxd2 d4 36. Rb4 d3 37. Bd1 Qxe5 38. Rxc4 Bd5 39. Rd4 Be4 40. Rxe4 Qxe4
41. Qf2 Rd5 42. Bf3 Qe5 43. Qc5 1-0

[Event "I Festival Capo d'Orso"]
[Site "Portomannu - Palau ITA"]
[Date "2007.05.19"]
[Round "1"]
[White "Pantaleoni, Claudio"]
[Black "Grooten, Herman"]
[Result "1-0"]
[WhiteElo "2219"]
[BlackElo "2392"]
[PlyCount "47"]
[EventDate "2007.05.19"]

1. d4 Nf6 2. c4 e6 3. Nf3 b6 4. g3 Ba6 5. Qc2 Bb7 6. Bg2 c5 7. d5 exd5 8. cxd5
Bxd5 9. Nc3 Bc6 10. e4 d6 11. Bf4 Nbd7 12. O-O-O Qb8 13. e5 Nh5 14. Rhe1 Nxf4
15. gxf4 d5 16. Nxd5 Qb7 17. e6 Bxd5 18. exd7+ Kd8 19. Qd3 Be6 20. f5 c4 21.
Qe4 Rb8 22. fxe6 fxe6 23. Qxb7 Rxb7 24. Ng5 1-0

[Event "I Festival Capo d'Orso"]
[Site "Portomannu - Palau ITA"]
[Date "2007.05.19"]
[Round "1"]
[White "Papale, Carmelo"]
[Black "Puzzoni, Christian"]
[Result "0-1"]
[WhiteElo "1919"]
[BlackElo "2113"]
[PlyCount "112"]
[EventDate "2007.05.19"]

1. e4 e5 2. Nf3 d5 3. exd5 Bd6 4. Nc3 Nf6 5. Bb5+ Nbd7 6. d3 O-O 7. Bg5 h6 8.
Bh4 g5 9. Bg3 a6 10. Bc4 b5 11. Bb3 Bb7 12. h4 g4 13. Ng5 hxg5 14. hxg5 Nh7 15.
Qxg4 Qxg5 16. Qxd7 Bc8 17. Qc6 Bf5 18. Ne4 Bxe4 19. dxe4 Nf6 20. Bh4 Qh6 21. f3
Qe3+ 22. Kf1 Nxe4 23. fxe4 f5 24. Bf6 Rxf6 25. Qxa8+ Rf8 26. Qxf8+ Kxf8 27. Re1
Qf4+ 28. Ke2 a5 29. c3 Qxe4+ 30. Kf1 Qf4+ 31. Ke2 a4 32. Bc2 Qc4+ 33. Bd3 Qxd5
34. Bxf5 Qxg2+ 35. Kd1 Qxb2 36. Ref1 Bc5 37. Be4+ Kg7 38. Rh7+ Kg8 39. Rff7
Qa1+ 40. Kd2 Qxa2+ 41. Bc2 Qxf7 42. Rxf7 Kxf7 43. c4 a3 44. cxb5 Kf6 45. Kc3
Kg5 46. Bb1 Kf4 47. Kc4 e4 48. Kxc5 e3 49. Kc6 e2 50. Kxc7 e1=Q 51. Ba2 Qe2 52.
b6 Qxa2 53. b7 Qf7+ 54. Kc8 Qe6+ 55. Kd8 Qd6+ 56. Kc8 Qc6+ 0-1

[Event "I Festival Capo d'Orso"]
[Site "Portomannu - Palau ITA"]
[Date "2007.05.19"]
[Round "1"]
[White "Piscopo, Pierluigi"]
[Black "Ibba, Isacco"]
[Result "0-1"]
[WhiteElo "2392"]
[BlackElo "2203"]
[PlyCount "82"]
[EventDate "2007.05.19"]

1. e4 Nf6 2. e5 Nd5 3. d4 d6 4. c4 Nb6 5. f4 dxe5 6. fxe5 c5 7. d5 e6 8. Nc3
exd5 9. cxd5 Qh4+ 10. g3 Qd4 11. Bf4 g5 12. Qh5 gxf4 13. Bb5+ Kd8 14. Nge2 Qe3
15. gxf4 a6 16. Rg1 Qh3 17. Qg5+ Be7 18. Qg8+ Rxg8 19. Rxg8+ Kc7 20. d6+ Bxd6
21. exd6+ Kxd6 22. O-O-O+ Kc7 23. Bd3 Nc6 24. Ng3 Nb4 25. Rg5 Nxd3+ 26. Rxd3 c4
27. Rc5+ Kb8 28. Rd2 Qh6 29. a4 Qxf4 30. a5 Qe3 31. Nge4 Na4 32. Nxa4 Qe1+ 33.
Rd1 Qxe4 34. Rxc8+ Kxc8 35. Nb6+ Kb8 36. Rd8+ Kc7 37. Rxa8 Qe1+ 38. Kc2 Qxa5
39. Nxc4 Qc5 40. Kd3 Qd5+ 41. Kc3 Qf3+ 0-1

[Event "I Festival Capo d'Orso"]
[Site "Portomannu - Palau ITA"]
[Date "2007.05.19"]
[Round "1"]
[White "Popa, Claudiu"]
[Black "Bondielli, Giorgio"]
[Result "1-0"]
[WhiteElo "2167"]
[BlackElo "1987"]
[PlyCount "37"]
[EventDate "2007.05.19"]

1. e4 e5 2. Nf3 Nf6 3. Nc3 Bb4 4. Nxe5 Bxc3 5. dxc3 Qe7 6. Nf3 Qxe4+ 7. Be2 O-O
8. O-O Nc6 9. Bg5 Qg6 10. Re1 d6 11. Qc1 h6 12. Bd3 Qh5 13. Bxf6 gxf6 14. Qf4
Kg7 15. Nh4 Ne5 16. Re3 Ng6 17. Rg3 Qe5 18. Nxg6 fxg6 19. Rxg6+ 1-0

[Event "I Festival Capo d'Orso"]
[Site "Portomannu - Palau ITA"]
[Date "2007.05.19"]
[Round "1"]
[White "Schaefer, Michael"]
[Black "Mogranzini, Roberto"]
[Result "0-1"]
[WhiteElo "2228"]
[BlackElo "2421"]
[PlyCount "66"]
[EventDate "2007.05.19"]

1. d4 Nf6 2. c4 g6 3. Nc3 d5 4. Nf3 Bg7 5. Bg5 Ne4 6. cxd5 Nxg5 7. Nxg5 e6 8.
Qd2 h6 9. Nh3 exd5 10. Nf4 c6 11. e3 O-O 12. Be2 Re8 13. O-O Bf8 14. a3 Nd7 15.
b4 a6 16. Rfc1 Nf6 17. Rab1 Bd6 18. a4 b5 19. Bd3 Qe7 20. Nce2 g5 21. Nh3 Ne4
22. Bxe4 Qxe4 23. Ng3 Qg6 24. Qd1 Bd7 25. a5 f5 26. Qd3 Re7 27. f4 Rae8 28. Nf1
Rg7 29. Qd2 Kh8 30. g3 Qh5 31. Nf2 gxf4 32. exf4 Re2 33. Qd1 Qf3 0-1

[Event "I Festival Capo d'Orso"]
[Site "Portomannu - Palau ITA"]
[Date "2007.05.19"]
[Round "1"]
[White "Shytaj, Luca"]
[Black "Adrian, Claude"]
[Result "1-0"]
[WhiteElo "2451"]
[BlackElo "2280"]
[PlyCount "54"]
[EventDate "2007.05.19"]

1. e4 c5 2. Nf3 Nc6 3. d4 cxd4 4. Nxd4 g6 5. Nc3 Bg7 6. Be3 Nf6 7. Bc4 O-O 8.
Bb3 Na5 9. e5 Nxb3 10. exf6 Nxa1 11. fxg7 Re8 12. O-O e5 13. Ndb5 Nxc2 14. Qxc2
d5 15. Bc5 d4 16. Ne4 Bf5 17. Nbd6 Re6 18. Qb3 b6 19. Nxf7 Kxf7 20. Nd6+ Kf6
21. Nxf5 bxc5 22. Nh6 Kxg7 23. Qxe6 Kxh6 24. Qxe5 Qg5 25. Qe4 Rd8 26. Rd1 d3
27. h4 Qf5 1-0

[Event "I Festival Capo d'Orso"]
[Site "Portomannu - Palau ITA"]
[Date "2007.05.19"]
[Round "1"]
[White "Simone, Marco"]
[Black "Radice, Luca"]
[Result "0-1"]
[WhiteElo "1885"]
[BlackElo "2070"]
[PlyCount "157"]
[EventDate "2007.05.19"]

1. e4 e6 2. d4 d5 3. Nc3 Bb4 4. e5 Qd7 5. Be3 b6 6. a3 Bxc3+ 7. bxc3 Ba6 8. Bd3
Bxd3 9. Qxd3 Qa4 10. Nf3 Nc6 11. O-O Nge7 12. Rfb1 h6 13. Nd2 Rd8 14. f4 h5 15.
Nf3 Nf5 16. Bf2 Na5 17. Rb4 Qd7 18. Nd2 g6 19. a4 Kf8 20. g3 Kg7 21. Rbb1 Qc6
22. Nb3 Nc4 23. Kg2 a5 24. Nd2 Nxd2 25. Qxd2 Rdg8 26. h3 Kf8 27. Rh1 Ke8 28.
Kf3 Kd7 29. Qd3 Kc8 30. h4 Kb7 31. Rhb1 Rd8 32. Rb5 Kc8 33. Rab1 Kd7 34. Rd1
Ke7 35. Kg2 Kf8 36. Kh3 Ne7 37. Be3 Nf5 38. Bc1 Kg7 39. Ba3 Rd7 40. Ra1 Nh6 41.
Bc1 Ng4 42. Kg2 Re8 43. Bd2 Nh6 44. Be3 Nf5 45. Bg1 Red8 46. Rb3 Rb8 47. Qb5
Qxb5 48. Rxb5 Kf8 49. Kf3 Ke7 50. Bf2 Rh8 51. Ke2 Kd8 52. Kd3 Kc8 53. Rab1 Rhd8
54. R1b2 Rh8 55. c4 dxc4+ 56. Kxc4 Rhd8 57. c3 Rd5 58. Kd3 Rxb5 59. Rxb5 Kb7
60. Ke4 c6 61. Rb2 Ka6 62. c4 Ne7 63. Bg1 Rd7 64. Bf2 Rb7 65. Kd3 Rd7 66. Ke3
Rb7 67. Kd3 b5 68. axb5+ cxb5 69. Kc3 bxc4 70. Rxb7 Kxb7 71. Kxc4 Kc6 72. Be1
Kb6 73. Bf2 Nd5 74. Be1 Ne3+ 75. Kd3 Nd5 76. Kc4 Nc7 77. Bd2 Nd5 78. Be1 a4 79.
Bd2 0-1

[Event "I Festival Capo d'Orso"]
[Site "Portomannu - Palau ITA"]
[Date "2007.05.19"]
[Round "1"]
[White "Weinberg, Emanuele"]
[Black "Marin, Irina Luiza"]
[Result "0-1"]
[WhiteElo "1977"]
[BlackElo "2166"]
[PlyCount "58"]
[EventDate "2007.05.19"]

1. d4 Nf6 2. c4 c5 3. d5 d6 4. Nc3 g6 5. e4 Bg7 6. f3 O-O 7. Be3 a6 8. Qd2 Re8
9. Nge2 Nbd7 10. Ng3 h5 11. h4 Ne5 12. Be2 Bd7 13. a4 e6 14. Kf2 exd5 15. exd5
b5 16. axb5 axb5 17. cxb5 Rxa1 18. Rxa1 Neg4+ 19. fxg4 Nxg4+ 20. Bxg4 Rxe3 21.
Bf3 Bd4 22. Kf1 Qxh4 23. Ra8+ Kh7 24. Nce4 Bxb5+ 25. Be2 Bxe2+ 26. Nxe2 Rxe4
27. Nxd4 Rxd4 28. Qe2 Qf4+ 29. Qf3 Qxf3+ 0-1

[Event "I Festival Capo d'Orso"]
[Site "Portomannu - Palau ITA"]
[Date "2007.05.19"]
[Round "1"]
[White "Zuccarelli, Angelo"]
[Black "Gangemi, Salvatore"]
[Result "0-1"]
[WhiteElo "1872"]
[BlackElo "2063"]
[PlyCount "50"]
[EventDate "2007.05.19"]

1. e4 e6 2. Nf3 d5 3. exd5 exd5 4. d4 Nf6 5. Bd3 Bd6 6. O-O O-O 7. Bg5 Bg4 8.
Re1 Nbd7 9. Nbd2 c6 10. c3 Qc7 11. Qc2 Rfe8 12. Bf5 Bf4 13. Bxg4 Nxg4 14. Bxf4
Qxf4 15. h3 Ngf6 16. Qd3 Ne4 17. Qe3 Qd6 18. Qd3 f5 19. Ne5 Nxe5 20. dxe5 Qxe5
21. Nf3 Qf6 22. Nd4 g6 23. b4 Re7 24. Rac1 Rae8 25. Re3 Nxf2 0-1

[Event "I Festival Capo d'Orso"]
[Site "Portomannu - Palau ITA"]
[Date "2007.05.20"]
[Round "2"]
[White "Catalini, Giampiero"]
[Black "Simone, Marco"]
[Result "0-1"]
[WhiteElo "1996"]
[BlackElo "1885"]
[PlyCount "50"]
[EventDate "2007.05.19"]

1. d4 Nf6 2. c4 c5 3. d5 b5 4. cxb5 a6 5. f3 g6 6. e4 d6 7. Nc3 Bg7 8. Bd3 Nbd7
9. bxa6 O-O 10. Nge2 Nb6 11. O-O Bxa6 12. Be3 Nc4 13. Bxc4 Bxc4 14. Qc2 Nd7 15.
Rfd1 Qb6 16. Rd2 Qa6 17. b3 Bxe2 18. Re1 Bb5 19. a4 Bxa4 20. Nxa4 Rfb8 21. Qd3
Qxd3 22. Rxd3 Ne5 23. Rdd1 Rxb3 24. Nxc5 dxc5 25. Bxc5 Nd3 0-1

[Event "I Festival Capo d'Orso"]
[Site "Portomannu - Palau ITA"]
[Date "2007.05.20"]
[Round "2"]
[White "Di Paolo, Raffaele"]
[Black "Schaefer, Michael"]
[Result "1-0"]
[WhiteElo "2341"]
[BlackElo "2228"]
[PlyCount "145"]
[EventDate "2007.05.19"]

1. e4 c5 2. Nf3 d6 3. d4 cxd4 4. Nxd4 Nf6 5. Nc3 e6 6. Be3 Be7 7. Bc4 O-O 8.
O-O Nc6 9. Bb3 Na5 10. f4 b6 11. e5 Ne8 12. Qh5 Nxb3 13. axb3 Bb7 14. Rad1 Qc8
15. Bf2 f6 16. Bh4 g6 17. Qg4 Ng7 18. exf6 Bxf6 19. Bxf6 Rxf6 20. Qg5 Qf8 21.
Rde1 a6 22. b4 Re8 23. b5 axb5 24. Qxb5 Rxf4 25. Qxb6 Bc8 26. Qc7 Qf6 27. Nde2
Rxf1+ 28. Rxf1 Qe7 29. Qb6 Nf5 30. Ng3 Qb7 31. Qxb7 Bxb7 32. Nge4 Rb8 33. Rb1
Kf8 34. Ng5 Ke7 35. Re1 e5 36. Nxh7 Nd4 37. Rf1 Nxc2 38. Ng5 Bc6 39. Rf7+ Ke8
40. Rc7 Nd4 41. Nd1 Ba4 42. Ne3 Bc6 43. Nc4 Bd5 44. Nxd6+ Kd8 45. Ra7 Rxb2 46.
Ngf7+ Bxf7 47. Nxf7+ Ke8 48. Nxe5 Ne2+ 49. Kf1 Nf4 50. g3 Nh3 51. Ng4 Kf8 52.
Ra4 Kg7 53. Re4 Ng5 54. Re7+ Kf8 55. Re2 Rb4 56. Ne5 Kg7 57. Kg2 Re4 58. Rxe4
Nxe4 59. Kf3 Nd6 60. Kf4 Kf6 61. Nd7+ Kg7 62. Nc5 Nf7 63. Ne4 Kh6 64. g4 Kg7
65. h3 Kh6 66. h4 Kg7 67. Ng5 Nh6 68. Nf3 Nf7 69. g5 Nd8 70. Nd4 Kf7 71. Ke5
Kg7 72. Ne6+ Nxe6 73. Kxe6 1-0

[Event "I Festival Capo d'Orso"]
[Site "Portomannu - Palau ITA"]
[Date "2007.05.20"]
[Round "2"]
[White "Djuric, Stefan"]
[Black "Fierro Baquero, Martha Lorena"]
[Result "1-0"]
[WhiteElo "2460"]
[BlackElo "2339"]
[PlyCount "85"]
[EventDate "2007.05.19"]

1. e4 g6 2. d4 Bg7 3. Nf3 c6 4. Be2 d5 5. Nbd2 Bg4 6. c3 Nf6 7. e5 Nfd7 8. Ng5
Bxe2 9. Qxe2 e6 10. Ndf3 h6 11. Nh3 g5 12. Nd2 c5 13. O-O Nc6 14. Nb3 Qb6 15.
Be3 Qa6 16. Qd1 Ne7 17. Nxc5 Nxc5 18. dxc5 Bxe5 19. Bd4 Bxd4 20. cxd4 Qc4 21.
b3 Qc3 22. Rc1 Qb4 23. Qd3 Nc6 24. Rfd1 O-O-O 25. f3 Kb8 26. Nf2 f6 27. a3 Qa5
28. b4 Qc7 29. b5 Na5 30. Ng4 Nc4 31. Qe2 f5 32. Ne3 Nxe3 33. Qxe3 Rhe8 34. Rb1
e5 35. b6 axb6 36. Rxb6 exd4 37. Qxd4 Qf4 38. Qb2 Qe3+ 39. Kf1 Qxc5 40. Rxb7+
Ka8 41. Rb4 Qa7 42. Qf6 Rc8 43. Rb6 1-0

[Event "I Festival Capo d'Orso"]
[Site "Portomannu - Palau ITA"]
[Date "2007.05.20"]
[Round "2"]
[White "Figus, Maurizio"]
[Black "Brugo, Marco"]
[Result "1/2-1/2"]
[WhiteElo "1919"]
[BlackElo "2125"]
[PlyCount "69"]
[EventDate "2007.05.19"]

1. e4 e6 2. d3 d5 3. Nd2 Nf6 4. Ngf3 Bc5 5. e5 Nfd7 6. d4 Bb6 7. Bd3 c5 8. c3
Nc6 9. dxc5 Nxc5 10. Bc2 Bc7 11. Qe2 a5 12. Nb3 Nxb3 13. axb3 Bd7 14. Bf4 h6
15. h4 Bb6 16. Rd1 Qc7 17. g4 O-O-O 18. Nd4 Bxd4 19. cxd4 Qb6 20. Rh3 Kb8 21.
Qd2 Nb4 22. Rc3 Bb5 23. Be3 Rd7 24. Bb1 Qd8 25. g5 hxg5 26. Rc5 Ba6 27. Bxg5 f6
28. exf6 gxf6 29. Qf4+ e5 30. Qxf6 Qg8 31. Bf5 Rf7 32. Qxe5+ Ka8 33. Rc8+ Qxc8
34. Bxc8 Rxc8 35. f4 1/2-1/2

[Event "I Festival Capo d'Orso"]
[Site "Portomannu - Palau ITA"]
[Date "2007.05.20"]
[Round "2"]
[White "Friedrich, Norbert"]
[Black "Piscopo, Pierluigi"]
[Result "1-0"]
[WhiteElo "2317"]
[BlackElo "2392"]
[PlyCount "87"]
[EventDate "2007.05.19"]

1. e4 c5 2. Nf3 Nc6 3. d4 cxd4 4. Nxd4 Qb6 5. Nb3 Nf6 6. Nc3 e6 7. Bd3 a6 8.
O-O Qc7 9. f4 d6 10. Qf3 b5 11. Bd2 Bb7 12. Rae1 Be7 13. Kh1 h5 14. Nd1 h4 15.
Nf2 Rc8 16. a3 Qb8 17. Bc3 Qa7 18. Nh3 e5 19. Re2 Qb6 20. Ng5 a5 21. Qh3 Rh5
22. Bd2 a4 23. Be3 Qd8 24. Nd2 exf4 25. Bxf4 Nd4 26. Ree1 Rc5 27. c3 Nc6 28.
Qe3 Ne5 29. Be2 Nfg4 30. Nxf7 Nxe3 31. Nxd8 Kxd8 32. Bxe3 Rh8 33. Bxc5 dxc5 34.
Bxb5 Kc7 35. Nc4 Ng6 36. Rf7 Rh7 37. Rd1 Kb8 38. Rd7 h3 39. Rdxe7 Nxe7 40. Rxe7
Rh6 41. Kg1 Rg6 42. g3 Rf6 43. e5 Rf3 44. e6 1-0

[Event "I Festival Capo d'Orso"]
[Site "Portomannu - Palau ITA"]
[Date "2007.05.20"]
[Round "2"]
[White "Gangemi, Salvatore"]
[Black "Biedekoepper, Robert"]
[Result "0-1"]
[WhiteElo "2063"]
[BlackElo "2152"]
[PlyCount "133"]
[EventDate "2007.05.19"]

1. c4 e5 2. Nc3 Nf6 3. g3 d5 4. cxd5 Nxd5 5. Bg2 Nb6 6. Nf3 Nc6 7. O-O Be7 8.
d3 O-O 9. a3 Be6 10. b4 Nd4 11. Rb1 f6 12. e3 Nxf3+ 13. Bxf3 Nd5 14. Qc2 Rc8
15. Nxd5 Bxd5 16. Bxd5+ Qxd5 17. e4 Qe6 18. Be3 Rfd8 19. Rfd1 b6 20. Qc4 Kf7
21. Qxe6+ Kxe6 22. a4 c5 23. b5 c4 24. Rbc1 cxd3 25. Rxc8 Rxc8 26. Rxd3 Rc4 27.
a5 Rxe4 28. Rb3 bxa5 29. b6 axb6 30. Rxb6+ Bd6 31. Bc5 Re1+ 32. Kg2 Rd1 33. Ra6
h5 34. h4 g6 35. Bxd6 Rxd6 36. Rxa5 e4 37. Rb5 Rd5 38. Rb6+ Ke5 39. Kf1 g5 40.
hxg5 fxg5 41. Ke2 h4 42. gxh4 gxh4 43. f3 Kf4 44. fxe4 Re5 45. Rf6+ Kxe4 46.
Rh6 Kf4+ 47. Kf2 Kg4 48. Rh8 Kh3 49. Rg8 Ra5 50. Rg7 Ra1 51. Rg8 Kh2 52. Rg7 h3
53. Rg6 Ra8 54. Rg7 Rf8+ 55. Ke2 Rf5 56. Rg6 Kh1 57. Rg8 Ra5 58. Rg7 Ra2+ 59.
Kf1 Rg2 60. Rh7 Kh2 61. Rh8 Rg4 62. Rf8 Kh1 63. Rh8 h2 64. Rh7 Rf4+ 65. Ke2 Kg2
66. Rg7+ Kh3 67. Ke3 0-1

[Event "I Festival Capo d'Orso"]
[Site "Portomannu - Palau ITA"]
[Date "2007.05.20"]
[Round "2"]
[White "Garofalo, Sergio"]
[Black "Moos, Gerd Anton Ferdinand"]
[Result "0-1"]
[WhiteElo "1812"]
[BlackElo "2064"]
[PlyCount "66"]
[EventDate "2007.05.19"]

1. d4 Nf6 2. Nf3 d5 3. b3 Bg4 4. Bb2 Nbd7 5. Ne5 Bh5 6. f3 g5 7. e3 e6 8. g4
Bg6 9. Bd3 Nxe5 10. dxe5 Nd7 11. Qe2 Bg7 12. Nd2 Bxd3 13. cxd3 Bxe5 14. Bxe5
Nxe5 15. d4 Nd7 16. h4 gxh4 17. f4 c6 18. g5 Qa5 19. Kf2 O-O-O 20. Rxh4 f6 21.
gxf6 Nxf6 22. a3 Rdg8 23. b4 Qd8 24. Rah1 Rg7 25. Ke1 Rhg8 26. R4h2 h5 27. Nf3
Ne4 28. Ng5 Rxg5 29. fxg5 Ng3 30. Qf3 Nxh1 31. Qf7 Ng3 32. Qxe6+ Kc7 33. g6 Qe8
0-1

[Event "I Festival Capo d'Orso"]
[Site "Portomannu - Palau ITA"]
[Date "2007.05.20"]
[Round "2"]
[White "Godena, Michele"]
[Black "Efimov, Igor"]
[Result "1/2-1/2"]
[WhiteElo "2558"]
[BlackElo "2433"]
[PlyCount "40"]
[EventDate "2007.05.19"]

1. e4 g6 2. d4 Bg7 3. Nf3 d6 4. Bc4 c6 5. c3 d5 6. Bb3 Nh6 7. Nbd2 O-O 8. O-O
b6 9. Re1 Bb7 10. e5 f6 11. Nf1 Nf7 12. e6 Nd6 13. h4 Qe8 14. Ng3 Na6 15. h5
Rd8 16. hxg6 hxg6 17. Bc2 Nc7 18. Qd3 Bc8 19. Qxg6 Qxg6 20. Bxg6 Bxe6 1/2-1/2

[Event "I Festival Capo d'Orso"]
[Site "Portomannu - Palau ITA"]
[Date "2007.05.20"]
[Round "2"]
[White "Grooten, Herman"]
[Black "Busquets, Luis"]
[Result "1-0"]
[WhiteElo "2392"]
[BlackElo "2236"]
[PlyCount "41"]
[EventDate "2007.05.19"]

1. d4 Nf6 2. c4 g6 3. Nc3 Bg7 4. e4 d6 5. h3 O-O 6. Bg5 c5 7. d5 e6 8. Bd3 h6
9. Be3 exd5 10. exd5 Nfd7 11. Qd2 f5 12. Bxh6 Re8+ 13. Nge2 Bf6 14. O-O Ne5 15.
Be3 Na6 16. f4 Nxd3 17. Qxd3 Nb4 18. Qd2 Nc2 19. Qxc2 Rxe3 20. Qd2 Qe7 21. Kf2
1-0

[Event "I Festival Capo d'Orso"]
[Site "Portomannu - Palau ITA"]
[Date "2007.05.20"]
[Round "2"]
[White "Mannu, Michele"]
[Black "Mercandelli, Claudio"]
[Result "0-1"]
[WhiteElo "2128"]
[BlackElo "1988"]
[PlyCount "74"]
[EventDate "2007.05.19"]

1. Nf3 d6 2. d4 Nf6 3. g3 g6 4. Bg2 Bg7 5. O-O O-O 6. c4 Nc6 7. Nc3 Nd7 8. e4
e5 9. d5 Ne7 10. Qc2 a5 11. Rb1 h6 12. a3 f5 13. Nd2 Nf6 14. b4 g5 15. c5 axb4
16. axb4 f4 17. Bb2 Ng6 18. Ra1 Rxa1 19. Rxa1 Bd7 20. Nc4 Ne8 21. Na5 f3 22.
Bf1 Qc8 23. Nd1 Bh3 24. Ne3 Bxf1 25. Kxf1 Qh3+ 26. Ke1 Qxh2 27. Nxb7 h5 28. Qd3
h4 29. Qf1 hxg3 30. Ng4 gxf2+ 31. Kd2 Qf4+ 32. Ne3 Qxe4 33. Bc3 Nf4 34. c6 Nxd5
35. Qc4 Qxc4 36. Nxc4 Nxc3 37. Ra8 f1=Q 0-1

[Event "I Festival Capo d'Orso"]
[Site "Portomannu - Palau ITA"]
[Date "2007.05.20"]
[Round "2"]
[White "Marin, Irina Luiza"]
[Black "Chiarotto, Filippo"]
[Result "1/2-1/2"]
[WhiteElo "2166"]
[BlackElo "2056"]
[PlyCount "42"]
[EventDate "2007.05.19"]

1. c4 Nc6 2. g3 e5 3. Bg2 d6 4. Nc3 Be6 5. d3 Qd7 6. e4 g6 7. Be3 Bg7 8. Qd2
Nd4 9. h4 h5 10. f3 c6 11. Nge2 Ne7 12. O-O O-O 13. Bh6 Nxe2+ 14. Nxe2 d5 15.
Bxg7 Kxg7 16. cxd5 cxd5 17. exd5 Nxd5 18. f4 exf4 19. Nxf4 Nxf4 20. Rxf4 Rad8
21. Qc3+ Kg8 1/2-1/2

[Event "I Festival Capo d'Orso"]
[Site "Portomannu - Palau ITA"]
[Date "2007.05.20"]
[Round "2"]
[White "Mazzariol, Oscar"]
[Black "Dehmel, Jens"]
[Result "0-1"]
[WhiteElo "2018"]
[BlackElo "2107"]
[PlyCount "88"]
[EventDate "2007.05.19"]

1. d4 d5 2. c4 c6 3. Nc3 dxc4 4. e4 b5 5. a4 b4 6. Na2 Nf6 7. e5 Nd5 8. Bxc4 e6
9. Ne2 a5 10. O-O Qb6 11. Kh1 Nd7 12. f4 g6 13. Qd3 Be7 14. Bd2 Ba6 15. b3 c5
16. Rad1 O-O 17. Nac1 Rfd8 18. Rf3 cxd4 19. Nxd4 Nc5 20. Qe2 Bxc4 21. bxc4 Nc7
22. Be3 Qb7 23. Rh3 Nxa4 24. Qg4 Qe4 25. Ncb3 Nc3 26. Rf1 a4 27. Nd2 Qb7 28. f5
Rxd4 29. Bxd4 exf5 30. Rxf5 Qc8 31. Rf4 Qxg4 32. Rxg4 a3 33. Nb3 a2 34. Na1 Rd8
35. Re3 Bc5 36. g3 Bxd4 37. Rd3 Ne6 38. c5 Bxc5 39. Rxd8+ Nxd8 40. Rc4 Ne6 41.
Kg2 Nd5 42. Rc1 Bd4 43. Nb3 Bxe5 44. Kf1 Bc3 0-1

[Event "I Festival Capo d'Orso"]
[Site "Portomannu - Palau ITA"]
[Date "2007.05.20"]
[Round "2"]
[White "Milanesi, Erminio"]
[Black "Burlando, Alessandro"]
[Result "0-1"]
[WhiteElo "1857"]
[BlackElo "2115"]
[PlyCount "62"]
[EventDate "2007.05.19"]

1. e4 e6 2. d3 c5 3. g3 g6 4. c3 Bg7 5. Bg2 Nc6 6. Nh3 Nge7 7. Na3 O-O 8. O-O
Rb8 9. Be3 d6 10. Qd2 b5 11. Nc2 b4 12. Bh6 bxc3 13. bxc3 Qa5 14. Bxg7 Kxg7 15.
Ne3 Ba6 16. Ng4 Ng8 17. Nf4 Rb6 18. Rab1 Rfb8 19. Rxb6 Rxb6 20. Bf3 Qa3 21. Rc1
Ne5 22. Nxe5 dxe5 23. Ne2 Rd6 24. d4 cxd4 25. Kg2 d3 26. Ng1 Bc4 27. Bd1 Nf6
28. Bf3 Qxa2 29. Qxa2 Bxa2 30. Ra1 Bb3 31. Rxa7 d2 0-1

[Event "I Festival Capo d'Orso"]
[Site "Portomannu - Palau ITA"]
[Date "2007.05.20"]
[Round "2"]
[White "Naumkin, Igor"]
[Black "Schuurman, Petra"]
[Result "1/2-1/2"]
[WhiteElo "2497"]
[BlackElo "2279"]
[PlyCount "64"]
[EventDate "2007.05.19"]

1. d4 Nf6 2. c4 e6 3. Nf3 b6 4. g3 Bb7 5. Bg2 Be7 6. Nc3 Ne4 7. Bd2 O-O 8. d5
Nxd2 9. Qxd2 Na6 10. O-O Bb4 11. Rad1 Nc5 12. Nd4 e5 13. Nc2 Bxc3 14. Qxc3 d6
15. e4 a5 16. f4 f6 17. Ne3 Qe8 18. f5 b5 19. b3 bxc4 20. bxc4 Qa4 21. Rf2 Ba6
22. g4 Rab8 23. h4 Rb4 24. Rc1 Rfb8 25. g5 Rb1 26. Rxb1 Rxb1+ 27. Kh2 Qb4 28.
Qc2 Qe1 29. Ng4 Rc1 30. Qb2 Rb1 31. Qc2 Rc1 32. Qb2 Rb1 1/2-1/2

[Event "I Festival Capo d'Orso"]
[Site "Portomannu - Palau ITA"]
[Date "2007.05.20"]
[Round "2"]
[White "Niccoli, Paolo"]
[Black "Ciampi, Vincenzo"]
[Result "0-1"]
[WhiteElo "1886"]
[BlackElo "2106"]
[PlyCount "124"]
[EventDate "2007.05.19"]

1. e4 Nc6 2. d4 e5 3. Nf3 exd4 4. Bc4 Nf6 5. O-O Nxe4 6. Re1 d5 7. Bxd5 Qxd5 8.
Nc3 Qa5 9. Nxe4 Be6 10. Neg5 Bd6 11. Nxe6 fxe6 12. Rxe6+ Kd7 13. Re1 Rae8 14.
Bg5 Qf5 15. Qd2 h6 16. Bh4 Bf4 17. Qd3 Qxd3 18. cxd3 g5 19. Bg3 Bxg3 20. hxg3
g4 21. Nh4 Ne5 22. Re4 c5 23. Rxe5 Rxe5 24. Ng6 Rhe8 25. Nxe5+ Rxe5 26. Kf1 Kd6
27. Re1 b5 28. f4 Rxe1+ 29. Kxe1 c4 30. Kd2 Kd5 31. Kc2 Ke6 32. a4 a6 33. axb5
axb5 34. Kd2 Kf5 35. Kc2 h5 36. Kd2 Ke6 37. Kc2 Kd6 38. Kd2 Kc5 39. Kc2 Kc6 40.
Kd2 Kd5 41. Kc2 Ke6 42. Kd2 Kf5 43. Kc2 h4 44. gxh4 Kxf4 45. g3+ Ke3 46. h5 Ke2
47. dxc4 bxc4 48. h6 d3+ 49. Kc3 d2 50. h7 d1=Q 51. h8=Q Qd3+ 52. Kb4 Qb3+ 53.
Kc5 Qxg3 54. Kxc4 Qd3+ 55. Kc5 g3 56. Qh5+ Qf3 57. Qh7 Qe3+ 58. Kc4 g2 59. Qh5+
Kf2 60. Qf5+ Qf3 61. Qc5+ Kf1 62. Qg5 g1=Q 0-1

[Event "I Festival Capo d'Orso"]
[Site "Portomannu - Palau ITA"]
[Date "2007.05.20"]
[Round "2"]
[White "Puzzoni, Christian"]
[Black "Antoniacci, Riccardo"]
[Result "0-1"]
[WhiteElo "2113"]
[BlackElo "1995"]
[PlyCount "130"]
[EventDate "2007.05.19"]

1. e4 e5 2. f4 exf4 3. Nf3 Be7 4. Bc4 Nf6 5. Nc3 O-O 6. e5 Ng4 7. d4 Bh4+ 8.
Kf1 d6 9. g3 fxg3 10. hxg3 Be7 11. Nd5 dxe5 12. Nxe5 Be6 13. Qd3 f5 14. Qb3
Nxe5 15. Nxe7+ Qxe7 16. Bxe6+ Nf7 17. Bxf5 Qf6 18. g4 Nc6 19. Kg2 Nxd4 20.
Bxh7+ Kh8 21. Bf5+ Nh6 22. Bxh6 Qc6+ 23. Kg3 Nxb3 24. Bg5+ Kg8 25. Bh7+ Kf7 26.
Rhf1+ Ke6 27. Rae1+ Kd6 28. Rxf8 Rxf8 29. Be7+ Kd7 30. Bxf8 Nd4 31. Be4 Qf6 32.
Bb4 Qe5+ 33. Kh3 Qf4 34. Bd5 Ne2 35. Rxe2 Qxb4 36. Be6+ Kd6 37. Bb3 Qf4 38.
Re6+ Kd7 39. Rg6 Qe5 40. Be6+ Ke7 41. Bb3 Qxb2 42. Re6+ Kd7 43. Re3 g5 44. Kg3
Qa1 45. Rd3+ Kc6 46. Bd5+ Kc5 47. Bb3 c6 48. Rf3 Qe1+ 49. Kg2 Qd2+ 50. Rf2 Qe3
51. Rf7 Kb6 52. Rf3 Qe4 53. Kg3 a5 54. Rf5 a4 55. Bg8 Qe3+ 56. Kg2 Qd2+ 57. Rf2
Qd4 58. Kg3 Ka6 59. c4 Qh8 60. Rf8 Qh4+ 61. Kf3 Qh3+ 62. Ke4 Qxg4+ 63. Kd3 Qd7+
64. Kc2 Qg7 65. Re8 Qg6+ 0-1